Australia votes : (Record no. 41771)
[ view plain ]
| 000 -LEADER | |
|---|---|
| fixed length control field | 00914nam a2200253 a 4500 |
| 001 - CONTROL NUMBER | |
| control field | 41771 |
| 003 - CONTROL NUMBER IDENTIFIER | |
| rucl marc code | BD-RjUL |
| 005 - DATE AND TIME OF LATEST TRANSACTION | |
| control field | 20211209053440.0 |
| 008 - FIXED-LENGTH DATA ELEMENTS--GENERAL INFORMATION | |
| fixed length control field | 160606s1961 at ab 001 0 eng d |
| 035 ## - SYSTEM CONTROL NUMBER | |
| System control number | (BD-RjUL)41889 |
| 040 ## - CATALOGING SOURCE | |
| Original cataloging agency | QUT |
| Language of cataloging | eng |
| Transcribing agency | QUT |
| Modifying agency | ANB |
| -- | BD-RjUL |
| 041 ## - LANGUAGE CODE | |
| Language code of text/sound track or separate title | eng |
| 082 04 - DEWEY DECIMAL CLASSIFICATION NUMBER | |
| Classification number | 324.20994 |
| Author mark and year | RAA 1961 |
| 100 1# - MAIN ENTRY--PERSONAL NAME | |
| Personal name | Rawson, D. W. |
| Fuller form of name | (Donald William), |
| Dates associated with a name | 1930- |
| 9 (RLIN) | 128325 |
| 245 10 - TITLE STATEMENT | |
| Title | Australia votes : |
| Remainder of title | the 1958 federal election / |
| Statement of responsibility, etc. | by Donald William Rawson. |
| 260 ## - PUBLICATION, DISTRIBUTION, ETC. (IMPRINT) | |
| Place of publication, distribution, etc. | Melbourne : |
| Name of publisher, distributor, etc. | Melbourne University Press, on behalf of the A.N.U., |
| Date of publication, distribution, etc. | 1961. |
| 300 ## - PHYSICAL DESCRIPTION | |
| Pagination | 259 p. : |
| Illustrations | ill., maps ; |
| Size | 22 cm. |
| 490 1# - SERIES STATEMENT | |
| Series statement | Social science monograph / Australian National University ; |
| Volume/sequential designation | 20 |
| 500 ## - GENERAL NOTE | |
| General note | Includes index |
| 610 10 - SUBJECT ADDED ENTRY--CORPORATE NAME | |
| Corporate name or jurisdiction name as entry element | Australia. |
| Subordinate unit | Parliament |
| 650 #0 - SUBJECT ADDED ENTRY--TOPICAL TERM | |
| Topical term or geographic name as entry element | Elections |
| Geographic subdivision | Australia. |
| 9 (RLIN) | 128327 |
| 830 #0 - SERIES ADDED ENTRY--UNIFORM TITLE | |
| Uniform title | Social science monographs (Australian National University) ; |
| Volume number/sequential designation | 20. |
| 942 ## - ADDED ENTRY ELEMENTS (KOHA) | |
| Source of classification or shelving scheme | Dewey Decimal Classification |
| Koha item type | Books |
| Lost status | Source of classification or shelving scheme | Damaged status | Not for loan | Collection code | Permanent Location | Current Location | Shelving location | Date acquired | Source of acquisition | Total Checkouts | Full call number | Date last seen | Copy number | Koha item type |
|---|---|---|---|---|---|---|---|---|---|---|---|---|---|---|
| Dewey Decimal Classification | Non-fiction | Central Library, University of Rajshahi | Central Library, University of Rajshahi | 16/02/1978 | Dept. of Zoology | 324.20994 RAA 1961 | 06/06/2016 | C-2 | Books |